APEC Schools

Catherine : A Story / (Record no. 4111)

000 -LEADER
fixed length control field 00748cam a22002413a 4500
005 - DATE AND TIME OF LATEST TRANSACTION
control field 20180504051836.0
008 - FIXED-LENGTH DATA ELEMENTS--GENERAL INFORMATION
fixed length control field 991101s1999||||xxu|||||s|||||000 1 eng d
040 ## - CATALOGING SOURCE
Transcribing Agency APEC Schools Library
Description Conventions rda
041 ## - LANGUAGE CODE
Language code of text/sound track or separate title eng
100 1# - CREATOR
Preferred Name of the Person Thackeray, William Makepeace,
Dates Associated with the Person 1811-1863
245 10 - TITLE AND STATEMENT OF RESPONSIBILITY
Preferred Title Proper Catherine : A Story /
Statement of Responsibility/Parallel Statement of Responsibility William Makepeace Thackeray
336 ## - RDA CONTENT
Source rdacontent
Content Type text
337 ## - RDA MEDIA
Source rdamedia
Media Type computer
338 ## - RDA CARRIER
Source rdacarrier
Carrier Type online resource
506 ## - RESTRICTIONS ON ACCESS NOTE
Restriction on Access Note Public domain in the USA.
516 ## - TYPE OF COMPUTER FILE OR DATA NOTE
Type of computer file or data note Text
653 ## - INDEX TERM--UNCONTROLLED
Uncontrolled term Biographical fiction
653 ## - INDEX TERM--UNCONTROLLED
Uncontrolled term Hayes, Catharine Hall, 1690-1726 -- Fiction
653 ## - INDEX TERM--UNCONTROLLED
Uncontrolled term Executions and executioners -- Fiction
653 ## - INDEX TERM--UNCONTROLLED
Uncontrolled term Women murderers -- Fiction
655 ## - GENRE
Genre/form data or focus term electronic books
856 40 - ELECTRONIC LOCATION AND ACCESS
Uniform Resource Identifier https://goo.gl/pe5YJZ
942 ## - ADDED ENTRY ELEMENTS (KOHA)
Source of Classification
Koha Item Type E-book/Online Resources
Holdings
Status Library Full Classification Number Uniform Resource Identifier Koha Item Type
Available Online APEC Chain of Schools Library APEC Chain https://goo.gl/pe5YJZ E-book/Online Resources

Powered by Koha